[Event "Madrid-chT Honor 2223"]
[Site "Madrid"]
[Date "2023.02.12"]
[Round "9.1"]
[White "Candela Perez, Jose"]
[Black "Almagro Llamas, Pablo"]
[Result "0-1"]
[WhiteElo "2307"]
[BlackElo "2410"]
[PlyCount "222"]
[EventDate "2022.11.20"]
[EventType "team-tourn"]
[EventRounds "14"]
[EventCountry "ESP"]
[SourceTitle "EXT 2024"]
[Source "ChessBase"]
[SourceDate "2023.10.10"]
[SourceVersion "1"]
[SourceVersionDate "2023.10.10"]
[SourceQuality "1"]
[WhiteTeam "Alcala de Henares"]
[BlackTeam "Virgen de Atocha"]
[WhiteTeamCountry "ESP"]
[BlackTeamCountry "ESP"]

1. d4 Nf6 2. c4 e6 3. Nc3 Bb4 4. Qc2 0-0 5. a3 Bxc3+ 6. Qxc3 d5 7. e3 b6 8. Nf3 Ba6 9. b4 Nbd7 10. Bb2 Rc8 11. Bd3 dxc4 12. Bxc4 Bb7 13. 0-0 c5 14. dxc5 bxc5 15. b5 Nb6 16. a4 Nxc4 17. Qxc4 Ne4 18. Rfd1 Bd5 19. Qc2 c4 20. Bc3 Qc7 21. Nd2 Nxc3 22. Qxc3 e5 23. e4 Be6 24. Nf1 Rfd8 25. Ne3 Qc5 26. Rxd8+ Rxd8 27. Rd1 Rd4 28. Kf1 g6 29. f3 f5 30. exf5 Bxf5 31. Ke2 Bd3+ 32. Kf2 Rd7 33. Rc1 e4 34. Qd2 Rf7 35. Ke1 Qe5 36. Ng4 Qc5 37. Qe3 Qxe3+ 38. Nxe3 exf3 39. gxf3 Rxf3 40. Kd2 Rf2+ 41. Kc3 Rxh2 42. Nxc4 Bxc4 43. Kxc4 g5 44. a5 Rb2 45. Ra1 Kg7 46. b6 axb6 47. a6 Rc2+ 48. Kb5 Rc8 49. Kxb6 h5 50. Kb7 Rf8 51. Rc1 g4 52. a7 g3 53. Rc8 Rxc8 54. Kxc8 g2 55. a8Q g1Q 56. Qb7+ Kh6 57. Qc6+ Qg6 58. Qc1+ Kh7 59. Qc7+ Qg7 60. Qc2+ Kg8 61. Qc4+ Qf7 62. Qh4 Qf5+ 63. Kc7 Kf7 64. Qc4+ Kg7 65. Qd4+ Kh7 66. Qh4 Qg4 67. Qf2 h4 68. Qc2+ Qg6 69. Qe2 h3 70. Kd8 Kh6 71. Qf3 Qd6+ 72. Kc8 Qe6+ 73. Kd8 Kg5 74. Qg3+ Kh5 75. Kc7 Qc4+ 76. Kb6 Qg4 77. Qe5+ Qg5 78. Qe2+ Kh4 79. Qf2+ Qg3 80. Qd4+ Kg5 81. Qd5+ Kf4 82. Qd6+ Kf3 83. Qd5+ Kf2 84. Qd2+ Kg1 85. Qd1+ Kg2 86. Qd5+ Qf3 87. Qg5+ Kf1 88. Qc1+ Kf2 89. Qd2+ Qe2 90. Qf4+ Kg1 91. Qg3+ Qg2 92. Qe1+ Qf1 93. Qg3+ Kh1 94. Ka5 Qf5+ 95. Ka4 Qe4+ 96. Ka3 Qg2 97. Qe1+ Kh2 98. Kb4 Qb2+ 99. Ka4 Qd4+ 100. Kb5 Qd3+ 101. Ka4 Kg2 102. Qh4 Qa6+ 103. Kb4 Qd6+ 104. Ka4 h2 105. Qg4+ Kf2 106. Qf5+ Kg3 107. Qg5+ Kf3 108. Qh5+ Ke3 109. Qh3+ Kd2 110. Qg2+ Kc1 111. Qg5+ Qd2 0-1

[Event "Madrid-chT Honor 2223"]
[Site "Madrid"]
[Date "2023.01.29"]
[Round "7.1"]
[White "Almagro Llamas, Pablo"]
[Black "Plazuelo Pascual, Juan"]
[Result "1/2-1/2"]
[WhiteElo "2410"]
[BlackElo "2453"]
[PlyCount "44"]
[EventDate "2022.11.20"]
[EventType "team-tourn"]
[EventRounds "14"]
[EventCountry "ESP"]
[SourceTitle "EXT 2024"]
[Source "ChessBase"]
[SourceDate "2023.10.10"]
[SourceVersion "1"]
[SourceVersionDate "2023.10.10"]
[SourceQuality "1"]
[WhiteTeam "Virgen de Atocha"]
[BlackTeam "Alcorcon Diagonal"]
[WhiteTeamCountry "ESP"]
[BlackTeamCountry "ESP"]

1. d4 d5 2. Nf3 Nf6 3. c4 e6 4. Nc3 Be7 5. Bg5 h6 6. Bh4 dxc4 7. e3 c5 8. Bxc4 cxd4 9. Nxd4 0-0 10. 0-0 Bd7 11. Qe2 Nc6 12. Rad1 Qb6 13. Nxc6 Bxc6 14. e4 Rfe8 15. e5 Nd7 16. Bxe7 Rxe7 17. Kh1 Nf8 18. Bb5 Rd7 19. Rxd7 Nxd7 20. Bxc6 Qxc6 21. Rd1 Nb6 22. f4 Rc8 1/2-1/2

[Event "ESP-chT CECLUB Div1"]
[Site "Sanxenxo"]
[Date "2022.09.20"]
[Round "4.1"]
[White "Ponomariov, Ruslan"]
[Black "Almagro Llamas, Pablo"]
[Result "1/2-1/2"]
[WhiteElo "2640"]
[BlackElo "2407"]
[PlyCount "80"]
[EventDate "2022.09.17"]
[EventType "team-tourn"]
[EventRounds "7"]
[EventCountry "ESP"]
[SourceTitle "CBM 210 Extra"]
[Source "ChessBase"]
[SourceDate "2022.11.30"]
[SourceVersion "1"]
[SourceVersionDate "2022.11.30"]
[SourceQuality "1"]
[WhiteTeam "Taldea Gros Xake"]
[BlackTeam "Virgen de Atocha"]
[WhiteTeamCountry "ESP"]
[BlackTeamCountry "ESP"]

1. e4 c5 2. Nf3 d6 3. d4 cxd4 4. Nxd4 Nf6 5. Nc3 a6 6. h3 e6 7. g4 d5 8. Nde2 Bc5 9. exd5 Qb6 10. Be3 Bxe3 11. fxe3 Qxb2 12. Rb1 Qa3 13. e4 0-0 14. Bg2 e5 15. 0-0 Ne8 16. Rf3 Qc5+ 17. Kh2 b5 18. a4 Nd6 19. Qg1 Qxg1+ 20. Kxg1 Bd7 21. Bf1 Rc8 22. Nc1 bxa4 23. Rb6 Nb5 24. Nxa4 Rxc2 25. Nb3 Be8 26. Bxb5 axb5 27. Rc3 bxa4 28. Rxc2 Nd7 29. Rb4 axb3 30. Rxb3 Kf8 31. Rc4 Ke7 32. Kf2 Nf6 33. g5 Nd7 34. h4 f6 35. Rb7 fxg5 36. hxg5 Ra2+ 37. Kg3 Ra3+ 38. Kf2 Ra2+ 39. Kg3 Ra3+ 40. Kf2 Ra2+ 1/2-1/2

[Event "Andorra op 38th"]
[Site "Escaldes"]
[Date "2022.07.30"]
[Round "8"]
[White "Almagro Llamas, Pablo"]
[Black "Lopez Martinez, Josep Manuel"]
[Result "0-1"]
[WhiteElo "2394"]
[BlackElo "2486"]
[PlyCount "92"]
[EventDate "2022.07.24"]
[EventType "swiss"]
[EventRounds "9"]
[EventCountry "AND"]
[SourceTitle "CBM 209 Extra"]
[Source "ChessBase"]
[SourceDate "2022.09.30"]
[SourceVersion "1"]
[SourceVersionDate "2022.09.30"]
[SourceQuality "1"]

1. d4 Nf6 2. c4 e6 3. Nf3 d5 4. Nc3 Nbd7 5. Bg5 h6 6. Bh4 Be7 7. e3 0-0 8. Rc1 c5 9. cxd5 Nxd5 10. Bxe7 Nxe7 11. Be2 b6 12. 0-0 Bb7 13. Nb5 Nf5 14. dxc5 Nxc5 15. b4 Ne4 16. Qxd8 Rfxd8 17. Rc7 Bd5 18. Nxa7 Bxa2 19. g4 Nfd6 20. Nc6 Re8 21. Nfe5 f6 22. Nd7 Nc3 23. Bd3 Ncb5 24. Bxb5 Nxb5 25. Rb7 Bd5 26. Rxb6 Nc3 27. h3 Na4 28. Nd4 Nxb6 29. Nxb6 Rad8 30. b5 Be4 31. Rc1 Kf7 32. f3 Bb7 33. Kf2 Re7 34. Nc4 Bd5 35. Na5 Ra8 36. Nac6 Rb7 37. e4 Bxc6 38. Rxc6 Ra2+ 39. Kg3 Rd7 40. Nb3 g5 41. e5 Rd1 42. Rc1 Rxc1 43. Nxc1 Rc2 44. Nb3 Rb2 45. Nc5 Rxb5 46. Nd3 Rd5 0-1

[Event "Madrid-ch"]
[Site "Madrid"]
[Date "2022.05.25"]
[Round "1"]
[White "De la Puerta Cresis, Javier"]
[Black "Almagro Llamas, Pablo"]
[Result "1/2-1/2"]
[WhiteElo "2128"]
[BlackElo "2404"]
[PlyCount "117"]
[EventDate "2022.05.25"]
[EventType "swiss"]
[EventRounds "7"]
[EventCountry "ESP"]
[SourceTitle "EXT 2023"]
[Source "ChessBase"]
[SourceDate "2022.10.05"]
[SourceVersion "1"]
[SourceVersionDate "2022.10.05"]
[SourceQuality "1"]

1. d4 Nf6 2. c4 e6 3. g3 d5 4. Bg2 Be7 5. Nf3 0-0 6. 0-0 c6 7. Qc2 b6 8. Nbd2 Bb7 9. e4 Nbd7 10. e5 Ne8 11. cxd5 cxd5 12. Re1 Rc8 13. Qa4 a5 14. Nf1 Ba6 15. h4 Bd3 16. Qd1 Bg6 17. Ng5 Nb8 18. Nh3 h6 19. Ne3 Nc6 20. Nf4 Be4 21. Bxe4 dxe4 22. Nc2 Nxe5 23. Rxe4 Nc4 24. b3 Ncd6 25. Re1 Nf6 26. Ne3 Nde4 27. a3 Bd6 28. Ng4 Nc3 29. Qf3 Nxg4 30. Qxg4 Bxf4 31. Qxf4 Nd5 32. Qe4 Rc6 33. Bf4 Qd7 34. Be5 Rc3 35. Rab1 Re8 36. Qg4 f6 37. Bf4 Kh7 38. Bd2 Rc6 39. Re2 Qf7 40. Rbe1 h5 41. Qf3 Qg6 42. Kg2 Kg8 43. Kg1 Kf7 44. Kf1 Rcc8 45. Kg2 Re7 46. Kf1 Qf5 47. Qxf5 exf5 48. Rxe7+ Nxe7 49. Ke2 Ke6 50. Kd3+ Kd7 51. Rb1 Nd5 52. Re1 Rc6 53. Rb1 Rc7 54. Re1 Rc8 55. Rb1 Rg8 56. Rh1 Re8 57. Rc1 Rg8 58. Rh1 Rc8 59. Rb1 1/2-1/2

[Event "Madrid-chT Honor 2122"]
[Site "Madrid"]
[Date "2022.02.12"]
[Round "9.3"]
[White "Almagro Llamas, Pablo"]
[Black "Mkrtchyan, Levon"]
[Result "1/2-1/2"]
[WhiteElo "2403"]
[BlackElo "2284"]
[PlyCount "73"]
[EventDate "2021.11.27"]
[EventType "team-tourn"]
[EventRounds "14"]
[EventCountry "ESP"]
[SourceTitle "EXT 2024"]
[Source "ChessBase"]
[SourceDate "2023.10.10"]
[SourceVersion "1"]
[SourceVersionDate "2023.10.10"]
[SourceQuality "1"]
[WhiteTeam "Virgen de Atocha"]
[BlackTeam "Tajamar"]
[WhiteTeamCountry "ESP"]
[BlackTeamCountry "ESP"]

1. d4 d5 2. Nf3 Nf6 3. e3 e6 4. c4 dxc4 5. Bxc4 a6 6. 0-0 c5 7. b3 b5 8. Be2 Bb7 9. a4 bxa4 10. bxa4 Nc6 11. dxc5 Bxc5 12. Nbd2 0-0 13. Bb2 Qe7 14. Nc4 Rfd8 15. Qb3 Rab8 16. Rfd1 Nd5 17. Nfe5 f6 18. Nxc6 Bxc6 19. Qc2 Nb4 20. Qc3 Nd5 21. Qc2 Nb4 22. Qc3 Rdc8 23. Rdc1 Be4 24. a5 Nd5 25. Qd2 Rd8 26. Qe1 Nb4 27. Qc3 Nd5 28. Qe1 Nb4 29. Qc3 Nd3 30. Rd1 Bb4 31. Ba3 Bxc3 32. Bxe7 Rd7 33. Ra3 Bb2 34. Nxb2 Rxb2 35. Bxd3 Rxd3 36. Raxd3 Bxd3 37. h3 1/2-1/2

[Event "ESP-chT CECLUB Div1"]
[Site "Linares"]
[Date "2021.09.12"]
[Round "5.3"]
[White "Jimenez Martinez, Jose Vicente"]
[Black "Almagro Llamas, Pablo"]
[Result "1/2-1/2"]
[WhiteElo "2271"]
[BlackElo "2413"]
[PlyCount "123"]
[EventDate "2021.09.08"]
[EventType "team-tourn"]
[EventRounds "7"]
[EventCountry "ESP"]
[SourceTitle "CBM 204 Extra"]
[Source "ChessBase"]
[SourceDate "2021.11.30"]
[SourceVersion "1"]
[SourceVersionDate "2021.11.30"]
[SourceQuality "1"]
[WhiteTeam "Albacete Excalibur"]
[BlackTeam "Virgen de Atocha"]
[WhiteTeamCountry "ESP"]
[BlackTeamCountry "ESP"]

1. d4 Nf6 2. c4 e6 3. Nc3 Bb4 4. Qc2 0-0 5. a3 Bxc3+ 6. Qxc3 d5 7. Bg5 h6 8. Bh4 dxc4 9. Qxc4 b6 10. Rd1 Ba6 11. Qa4 Qe8 12. Qxe8 Rxe8 13. Bxf6 gxf6 14. Nf3 Nd7 15. e3 Bb7 16. Bb5 Red8 17. 0-0 Rac8 18. h3 a6 19. Be2 c5 20. dxc5 Nxc5 21. Rxd8+ Rxd8 22. Rd1 Rxd1+ 23. Bxd1 a5 24. Bc2 Kf8 25. Nd2 Ba6 26. f4 Ke7 27. g4 e5 28. Kf2 Bd3 29. Bd1 Ne6 30. Be2 Bxe2 31. Kxe2 b5 32. f5 Nc5 33. b4 axb4 34. axb4 Na6 35. Ne4 Nxb4 36. Nc3 Kf8 37. Nxb5 Na6 38. Nd6 Nc5 39. Kf3 Ke7 40. Nb5 Kf8 41. Nc3 Nd3 42. Ne4 Kg7 43. Ng3 Kf8 44. Ne4 Kg7 45. Nc3 Nc5 46. Nb5 Nd3 47. Nc7 Kf8 48. Nd5 Kg7 49. Nc7 Kf8 50. Ke2 Nc5 51. Kf3 Nb3 52. Kg3 Nd2 53. Nd5 Kg7 54. Nc3 Nc4 55. Kf3 Nd6 56. Nd5 Nc4 57. Ke2 Nd6 58. Kd3 h5 59. Ke2 hxg4 60. hxg4 Ne8 61. Nc3 Nd6 62. Nd5 1/2-1/2

[Event "ESP-chT CECLUB Div1"]
[Site "Linares"]
[Date "2021.09.11"]
[Round "4.2"]
[White "Almagro Llamas, Pablo"]
[Black "Quispe Arteaga, Gabriel"]
[Result "1/2-1/2"]
[WhiteElo "2413"]
[BlackElo "2394"]
[PlyCount "74"]
[EventDate "2021.09.08"]
[EventType "team-tourn"]
[EventRounds "7"]
[EventCountry "ESP"]
[SourceTitle "CBM 204 Extra"]
[Source "ChessBase"]
[SourceDate "2021.11.30"]
[SourceVersion "1"]
[SourceVersionDate "2021.11.30"]
[SourceQuality "1"]
[WhiteTeam "Virgen de Atocha"]
[BlackTeam "Collado Villalba"]
[WhiteTeamCountry "ESP"]
[BlackTeamCountry "ESP"]

1. d4 Nf6 2. Bf4 d5 3. e3 c6 4. c4 e6 5. Nc3 Bd6 6. Bg3 0-0 7. Nf3 Qe7 8. Qc2 Nbd7 9. Bxd6 Qxd6 10. Rd1 Re8 11. Be2 Qe7 12. 0-0 dxc4 13. Bxc4 b5 14. Bd3 Bb7 15. Ne4 g6 16. Nxf6+ Qxf6 17. Nd2 Qe7 18. Nb3 Rac8 19. Be4 e5 20. dxe5 Nxe5 21. Nc5 Nc4 22. b4 Rc7 23. Rd4 Bc8 24. Bd3 Ne5 25. Rc1 Rd8 26. Rxd8+ Qxd8 27. Qc3 Qe7 28. Be2 Nd7 29. Nb3 Nb6 30. a3 Be6 31. Na5 Bd5 32. f3 Bc4 33. Nxc4 bxc4 34. e4 Qg5 35. Bxc4 Nxc4 36. Qxc4 Qe3+ 37. Kh1 Qxa3 1/2-1/2

[Event "Madrid-chT 2021"]
[Site "Madrid"]
[Date "2021.06.06"]
[Round "14.1"]
[White "Valles Moreno, Ivan"]
[Black "Almagro Llamas, Pablo"]
[Result "1/2-1/2"]
[WhiteElo "2412"]
[BlackElo "2423"]
[PlyCount "78"]
[EventDate "2021.01.23"]
[EventType "team-tourn"]
[EventRounds "14"]
[EventCountry "ESP"]
[SourceTitle "EXT 2022"]
[Source "ChessBase"]
[SourceDate "2021.10.06"]
[SourceVersion "1"]
[SourceVersionDate "2021.10.06"]
[SourceQuality "1"]
[WhiteTeam "Villalba 64"]
[BlackTeam "Virgen de Atocha"]
[WhiteTeamCountry "ESP"]
[BlackTeamCountry "ESP"]

1. Nf3 Nf6 2. c4 c6 3. g3 d5 4. Bg2 g6 5. 0-0 Bg7 6. Qc2 0-0 7. b3 d4 8. Bb2 c5 9. d3 Nc6 10. Nbd2 e5 11. a3 a5 12. Rae1 Bf5 13. Nh4 Be6 14. e3 Qc7 15. exd4 exd4 16. Ndf3 Rfe8 17. Ng5 Bd7 18. Bc1 h6 19. Ne4 Nxe4 20. Bxe4 Bh3 21. Ng2 Qd7 22. Bd2 Ne5 23. Bf4 Ng4 24. Bd2 Nf6 25. Bf3 g5 26. Rxe8+ Rxe8 27. Re1 b6 28. b4 axb4 29. axb4 Bf8 30. b5 Rxe1+ 31. Nxe1 Qa7 32. Qc1 Qa2 33. Bd1 Bf5 34. Qc2 Qa3 35. Qa4 Qxa4 36. Bxa4 Bd6 37. Kg2 Nd7 38. Bd1 f6 39. h3 Kg7 1/2-1/2

[Event "Madrid-ch Final"]
[Site "Madrid"]
[Date "2021.05.27"]
[Round "6"]
[White "Centeno Mendoza, Julio Stefano"]
[Black "Almagro Llamas, Pablo"]
[Result "0-1"]
[WhiteElo "2012"]
[BlackElo "2424"]
[PlyCount "68"]
[EventDate "2021.05.22"]
[EventType "swiss"]
[EventRounds "7"]
[EventCountry "ESP"]
[SourceTitle "CBM 203 Extra"]
[Source "ChessBase"]
[SourceDate "2021.09.30"]
[SourceVersion "1"]
[SourceVersionDate "2021.09.30"]
[SourceQuality "1"]

1. e4 c6 2. Nc3 d5 3. Nf3 Bg4 4. h3 Bxf3 5. Qxf3 e6 6. d3 Nf6 7. Bd2 Nbd7 8. g4 h6 9. Bg2 Qb6 10. Rb1 d4 11. Ne2 Bd6 12. 0-0 h5 13. Bf4 hxg4 14. hxg4 Qc7 15. Qg3 Bxf4 16. Nxf4 g5 17. Ne2 e5 18. Nxd4 Nf8 19. Ne2 Rh4 20. f3 Ng6 21. d4 Nd7 22. Rfd1 0-0-0 23. c3 Rdh8 24. Kf2 Qb6 25. Ke1 Rh2 26. Bf1 Ndf8 27. Kd2 Nf4 28. Ke3 N8e6 29. Rd2 c5 30. Rbd1 cxd4+ 31. cxd4 exd4+ 32. Nxd4 Rxd2 33. Rxd2 Nxd4 34. Rxd4 Rd8 0-1

[Event "Madrid-ch Final"]
[Site "Madrid"]
[Date "2021.05.24"]
[Round "3"]
[White "Almagro Llamas, Pablo"]
[Black "Martinez Reyes, Pedro Ramon"]
[Result "0-1"]
[WhiteElo "2424"]
[BlackElo "2408"]
[PlyCount "44"]
[EventDate "2021.05.22"]
[EventType "swiss"]
[EventRounds "7"]
[EventCountry "ESP"]
[SourceTitle "CBM 203 Extra"]
[Source "ChessBase"]
[SourceDate "2021.09.30"]
[SourceVersion "1"]
[SourceVersionDate "2021.09.30"]
[SourceQuality "1"]

1. d4 d5 2. Bf4 Nf6 3. e3 c5 4. Nf3 Nc6 5. Nbd2 Bg4 6. c3 cxd4 7. exd4 e6 8. Qb3 Bd6 9. Qxb7 0-0 10. Bxd6 Qxd6 11. Bb5 Bxf3 12. Nxf3 Nb4 13. 0-0 Rfb8 14. Qxa8 Rxa8 15. cxb4 Qxb4 16. a4 Ne4 17. Rac1 Nd2 18. Nxd2 Qxd2 19. Rfd1 Qxb2 20. Rc7 g6 21. g3 a6 22. Bf1 Qb3 0-1

[Event "Madrid-chT 2021"]
[Site "Madrid"]
[Date "2021.05.23"]
[Round "12.2"]
[White "Almagro Llamas, Pablo"]
[Black "Ingunza Curro, Andres"]
[Result "1/2-1/2"]
[WhiteElo "2423"]
[BlackElo "2392"]
[PlyCount "74"]
[EventDate "2021.01.23"]
[EventType "team-tourn"]
[EventRounds "14"]
[EventCountry "ESP"]
[SourceTitle "EXT 2022"]
[Source "ChessBase"]
[SourceDate "2021.10.06"]
[SourceVersion "1"]
[SourceVersionDate "2021.10.06"]
[SourceQuality "1"]
[WhiteTeam "Virgen de Atocha"]
[BlackTeam "Tajamar"]
[WhiteTeamCountry "ESP"]
[BlackTeamCountry "ESP"]

1. d4 Nf6 2. c4 e6 3. Nf3 d5 4. Nc3 Be7 5. Bg5 h6 6. Bh4 0-0 7. e3 b6 8. Rc1 Bb7 9. Bxf6 Bxf6 10. cxd5 exd5 11. b4 c6 12. Be2 Nd7 13. 0-0 a6 14. a4 Qe7 15. Qb3 Qd6 16. a5 Be7 17. axb6 Nxb6 18. Rb1 Rfb8 19. Ne5 Bc8 20. Qc2 Nd7 21. Nd3 a5 22. bxa5 Rxa5 23. Rxb8 Qxb8 24. Rb1 Qa8 25. Bg4 Nf6 26. Bxc8 Qxc8 27. Ne2 Ne4 28. Ng3 Nd6 29. Ne5 c5 30. dxc5 Rxc5 31. Qd1 Bf6 32. Nd3 Rc4 33. Nf4 d4 34. Nd5 Qe6 35. Nxf6+ Qxf6 36. exd4 Rxd4 37. Qe2 g6 1/2-1/2

[Event "Madrid-chT 2021"]
[Site "Madrid"]
[Date "2021.04.17"]
[Round "8.3"]
[White "Almagro Llamas, Pablo"]
[Black "Martin Duque, Jesus"]
[Result "1-0"]
[WhiteElo "2423"]
[BlackElo "2439"]
[PlyCount "55"]
[EventDate "2021.01.23"]
[EventType "team-tourn"]
[EventRounds "14"]
[EventCountry "ESP"]
[SourceTitle "EXT 2022"]
[Source "ChessBase"]
[SourceDate "2021.10.06"]
[SourceVersion "1"]
[SourceVersionDate "2021.10.06"]
[SourceQuality "1"]
[WhiteTeam "Virgen de Atocha"]
[BlackTeam "Collado Villalba"]
[WhiteTeamCountry "ESP"]
[BlackTeamCountry "ESP"]

1. d4 Nf6 2. Nf3 c5 3. d5 b5 4. Bg5 g6 5. a4 b4 6. Nbd2 Bg7 7. e4 0-0 8. e5 Nxd5 9. Ne4 Bb7 10. Nxc5 Bc6 11. Bc4 d6 12. Nd3 Nb6 13. Bb3 a5 14. e6 f5 15. h4 Na6 16. h5 Nc5 17. hxg6 hxg6 18. Nh4 Qe8 19. Nf4 Ne4 20. Nhxg6 Nxg5 21. Qh5 Bf6 22. Qh6 Bxg2 23. Nxg2 d5 24. N2f4 Ra7 25. Rh5 Nf3+ 26. Kd1 Rf7 27. exf7+ Qxf7 28. Rxf5 1-0

[Event "ESP-chT CECLUB Div1"]
[Site "Linares"]
[Date "2020.10.07"]
[Round "5.3"]
[White "Garrido Outon, Alex"]
[Black "Almagro Llamas, Pablo"]
[Result "1/2-1/2"]
[WhiteElo "2359"]
[BlackElo "2429"]
[PlyCount "79"]
[EventDate "2020.10.03"]
[EventType "team-tourn"]
[EventRounds "7"]
[EventCountry "ESP"]
[SourceTitle "CBM 198 Extra"]
[Source "ChessBase"]
[SourceDate "2020.11.30"]
[SourceVersion "1"]
[SourceVersionDate "2020.11.30"]
[SourceQuality "1"]
[WhiteTeam "Oromana Schneider Electric"]
[BlackTeam "Virgen de Atocha"]
[WhiteTeamCountry "ESP"]
[BlackTeamCountry "ESP"]

1. e4 c6 2. Nc3 d5 3. Nf3 dxe4 4. Nxe4 Nf6 5. Qe2 Qd5 6. Nxf6+ gxf6 7. g3 Na6 8. d3 Nb4 9. Bg2 Bg4 10. Kd1 e5 11. h3 Be6 12. Bd2 0-0-0 13. a3 Na6 14. Kc1 Nc5 15. Nh4 Qd7 16. g4 h5 17. gxh5 Be7 18. h6 Qd4 19. Nf3 Qa4 20. Be3 e4 21. dxe4 Qxe4 22. Ne1 Qa4 23. Nd3 Nxd3+ 24. cxd3 f5 25. Qc2 Bb3 26. Qc3 f4 27. Bd2 Rxh6 28. Be4 Rh5 29. Kb1 Rc5 30. Qb4 Rc1+ 31. Rxc1 Bxb4 32. axb4 Qb5 33. Rxa7 Rxd3 34. Ra5 Qxa5 35. bxa5 Rxd2 36. f3 Rh2 37. Rc3 Rh1+ 38. Rc1 Rh2 39. a6 bxa6 40. Bxc6 1/2-1/2

[Event "Madrid-ch final"]
[Site "Madrid"]
[Date "2020.07.23"]
[Round "6"]
[White "Almagro Llamas, Pablo"]
[Black "Khudov, Oleksandr"]
[Result "1-0"]
[WhiteElo "2443"]
[BlackElo "2207"]
[PlyCount "59"]
[EventDate "2020.07.18"]
[EventType "swiss"]
[EventRounds "7"]
[EventCountry "ESP"]
[SourceTitle "EXT 2021"]
[Source "ChessBase"]
[SourceDate "2020.10.23"]
[SourceVersion "1"]
[SourceVersionDate "2020.10.23"]
[SourceQuality "1"]

1. c4 c6 2. Nf3 d5 3. d4 Nf6 4. e3 a6 5. h3 b5 6. b3 Bf5 7. Bd3 Bxd3 8. Qxd3 e6 9. 0-0 Be7 10. a4 b4 11. Nbd2 0-0 12. e4 dxc4 13. bxc4 a5 14. e5 Nfd7 15. Ne4 Re8 16. Rd1 Na6 17. Bf4 h6 18. Ng3 Rc8 19. c5 Nc7 20. Nh5 Nd5 21. Bd2 Bf8 22. Re1 Ra8 23. Rab1 Nb8 24. Re4 Ra7 25. Bxh6 gxh6 26. Rg4+ Kh8 27. Nh4 Rb7 28. Ng6+ fxg6 29. Qxg6 Bxc5 30. Ng7 1-0

[Event "Madrid-chT 1920 Honor"]
[Site "Madrid"]
[Date "2020.03.07"]
[Round "12.2"]
[White "Sanchez Saez, Francisco"]
[Black "Almagro Llamas, Pablo"]
[Result "1-0"]
[WhiteElo "2320"]
[BlackElo "2450"]
[PlyCount "93"]
[EventDate "2019.11.24"]
[EventType "team-tourn"]
[EventRounds "12"]
[EventCountry "ESP"]
[SourceTitle "EXT 2021"]
[Source "ChessBase"]
[SourceDate "2020.10.23"]
[SourceVersion "1"]
[SourceVersionDate "2020.10.23"]
[SourceQuality "1"]
[WhiteTeam "Blanco y Negro"]
[BlackTeam "Virgen de Atocha"]
[WhiteTeamCountry "ESP"]
[BlackTeamCountry "ESP"]

1. c4 e5 2. g3 Nc6 3. Nc3 Bb4 4. Nd5 a5 5. Bg2 Nge7 6. e3 d6 7. Ne2 h5 8. h3 Bf5 9. a3 Bc5 10. d4 Ba7 11. Nxe7 Qxe7 12. 0-0 0-0 13. Nc3 exd4 14. Nd5 Qd7 15. Qxh5 Rae8 16. exd4 Nxd4 17. Be3 Re5 18. Qd1 c5 19. g4 Bc2 20. Qd2 Bb3 21. Rac1 b5 22. f4 Ree8 23. f5 f6 24. Nf4 bxc4 25. Bd5+ Rf7 26. Qf2 c3 27. Bxf7+ Bxf7 28. bxc3 Nxf5 29. gxf5 Rxe3 30. c4 Re4 31. Qg2 Qxf5 32. Nd5 Qg5 33. Qxg5 fxg5 34. Rf5 g4 35. hxg4 Rxg4+ 36. Kf2 g6 37. Nf6+ Kg7 38. Nxg4 gxf5 39. Ne3 f4 40. Nf5+ Kf6 41. Nxd6 Be6 42. Rb1 Ke5 43. Ne8 Bc8 44. Nc7 a4 45. Re1+ Kf5 46. Nb5 Be6 47. Nxa7 1-0

[Event "Madrid-chT 1920 Honor"]
[Site "Madrid"]
[Date "2020.01.18"]
[Round "5.2"]
[White "Almagro Llamas, Pablo"]
[Black "Sanchez Saez, Francisco"]
[Result "0-1"]
[WhiteElo "2471"]
[BlackElo "2339"]
[PlyCount "72"]
[EventDate "2019.11.24"]
[EventType "team-tourn"]
[EventRounds "12"]
[EventCountry "ESP"]
[SourceTitle "EXT 2021"]
[Source "ChessBase"]
[SourceDate "2020.10.23"]
[SourceVersion "1"]
[SourceVersionDate "2020.10.23"]
[SourceQuality "1"]
[WhiteTeam "Virgen de Atocha"]
[BlackTeam "Blanco y Negro"]
[WhiteTeamCountry "ESP"]
[BlackTeamCountry "ESP"]

1. d4 Nf6 2. Nf3 c5 3. d5 e6 4. c4 exd5 5. cxd5 d6 6. Nc3 g6 7. e4 Bg7 8. Be2 0-0 9. h3 Re8 10. Nd2 Na6 11. 0-0 Bd7 12. Bxa6 bxa6 13. Re1 Rb8 14. a3 Nh5 15. Nf3 h6 16. Qd3 Bb5 17. Qc2 Rb7 18. Nxb5 axb5 19. e5 dxe5 20. Qxc5 Rd7 21. Qxb5 Rxd5 22. Qa4 e4 23. Nh2 Re7 24. Be3 Kh7 25. Rad1 f5 26. Rxd5 Qxd5 27. g4 Nf6 28. Rd1 Qe6 29. gxf5 gxf5 30. Qb5 Nh5 31. Bc5 Rf7 32. Rd6 Qa2 33. Qe8 Bxb2 34. Ng4 Nf6 35. Nxf6+ Bxf6 36. Qe6 Qa1+ 0-1

[Event "ESP-chT CECLUB Div1"]
[Site "Linares"]
[Date "2019.09.01"]
[Round "7.1"]
[White "Vergara Anton, Diego"]
[Black "Almagro Llamas, Pablo"]
[Result "0-1"]
[WhiteElo "2128"]
[BlackElo "2453"]
[PlyCount "66"]
[EventDate "2019.08.26"]
[EventType "team-tourn"]
[EventRounds "7"]
[EventCountry "ESP"]
[SourceTitle "EXT 2020"]
[Source "ChessBase"]
[SourceDate "2019.10.17"]
[SourceVersion "1"]
[SourceVersionDate "2019.10.17"]
[SourceQuality "1"]
[WhiteTeam "Real Oviedo"]
[BlackTeam "Virgen de Atocha"]
[WhiteTeamCountry "ESP"]
[BlackTeamCountry "ESP"]

1. d4 Nf6 2. Nf3 b6 3. g3 Bb7 4. Bg2 g6 5. 0-0 Bg7 6. c4 0-0 7. Nc3 Ne4 8. Nxe4 Bxe4 9. b3 c5 10. Be3 Nc6 11. dxc5 bxc5 12. Bxc5 Qa5 13. Be3 d5 14. Nd4 Bxd4 15. Bxd4 Bxg2 16. Kxg2 dxc4 17. Be3 c3 18. Qc2 Rac8 19. a3 e5 20. Rfd1 Nd4 21. Bxd4 exd4 22. Rxd4 Rfd8 23. b4 Qc7 24. Rxd8+ Rxd8 25. Rc1 Qc6+ 26. e4 Rc8 27. Kg1 Qa6 28. a4 Qc4 29. b5 Rd8 30. Kg2 Rd3 31. Qe2 Rxg3+ 32. hxg3 Qxe2 33. Rxc3 Qxe4+ 0-1

[Event "ESP-chT CECLUB Div1"]
[Site "Linares"]
[Date "2019.08.29"]
[Round "4.1"]
[White "Cramling, Pia"]
[Black "Almagro Llamas, Pablo"]
[Result "1/2-1/2"]
[WhiteElo "2493"]
[BlackElo "2453"]
[PlyCount "68"]
[EventDate "2019.08.26"]
[EventType "team-tourn"]
[EventRounds "7"]
[EventCountry "ESP"]
[SourceTitle "EXT 2020"]
[Source "ChessBase"]
[SourceDate "2019.10.17"]
[SourceVersion "1"]
[SourceVersionDate "2019.10.17"]
[SourceQuality "1"]
[WhiteTeam "Silla Bosch Serinsys"]
[BlackTeam "Virgen de Atocha"]
[WhiteTeamCountry "ESP"]
[BlackTeamCountry "ESP"]

1. Nf3 Nf6 2. c4 e6 3. g3 a6 4. Bg2 b5 5. b3 Bb7 6. Na3 c5 7. 0-0 Qb6 8. e3 Be7 9. Qe2 0-0 10. Bb2 d5 11. d4 dxc4 12. bxc4 b4 13. Nc2 Nbd7 14. Rfc1 a5 15. Rab1 Rab8 16. Nce1 Rfc8 17. Nd3 Qa6 18. Nd2 Bxg2 19. Kxg2 Ne8 20. h4 Nd6 21. Nf4 Bf8 22. d5 e5 23. Nd3 e4 24. Ne5 Nxe5 25. Bxe5 Re8 26. Ba1 a4 27. g4 Qc8 28. Rh1 Rb7 29. Nf1 f6 30. Ng3 Qd7 31. Nh5 Qf7 32. Nf4 Qd7 33. Nh5 Qf7 34. Nf4 Qd7 1/2-1/2